| Tag |
First Indicator |
Second Indicator |
Subfields |
| LEADER |
00000cam a22000004a 4500 |
| 001 |
in00003402673 |
| 006 |
m d |
| 007 |
cr |||||||nn|n |
| 008 |
111115s2012 onc o d eng d |
| 005 |
20260608205658.3 |
| 020 |
|
|
|a 9781554586387
|
| 020 |
|
|
|a 1554586380
|
| 020 |
|
|
|z 9781554583638
|
| 020 |
|
|
|z 1554583632
|
| 035 |
|
|
|a (MdBmJHUP)muse9781554586387
|
| 040 |
|
|
|a MdBmJHUP
|c MdBmJHUP
|d UtOrBLW
|
| 245 |
0 |
0 |
|a Unruly Penelopes and the ghosts :
|b narratives of English Canada today /
|c Eva Darias-Beautell, editor.
|
| 264 |
|
1 |
|a Waterloo, Ont. :
|b Wilfrid Laurier University Press,
|c 2012.
|
| 300 |
|
|
|a 1 online resource.
|a 1 online resource.
|
| 336 |
|
|
|a text
|b txt
|2 rdacontent
|
| 337 |
|
|
|a computer
|b c
|2 rdamedia
|
| 338 |
|
|
|a online resource
|b cr
|2 rdacarrier
|
| 588 |
|
|
|a Description based on print version record.
|
| 500 |
|
|
|a Electronic resource.
|
| 650 |
|
0 |
|a National characteristics, Canadian, in literature.
|
| 650 |
|
5 |
|a Canadian literature
|y 20th century
|x History and criticism.
|
| 655 |
|
7 |
|a Electronic books.
|2 local
|
| 856 |
4 |
0 |
|u http://proxy.library.tamu.edu/login?url=https://muse.jhu.edu/books/9781554586387/
|z Connect to the full text of this electronic book
|t 0
|
| 999 |
|
|
|a MARS
|
| 999 |
f |
f |
|s 92f9f910-ba78-39a7-9852-f2993a65c101
|i f4023c8d-e708-3ceb-a706-e79c1b493b0d
|t 0
|
| 952 |
f |
f |
|a Texas A&M University
|b College Station
|c Electronic Resources
|s www_evans
|d Available Online
|t 0
|h No information provided
|
| 998 |
f |
f |
|t 0
|l Available Online
|